000 00422nam a2200157Ia 4500
005 20241028090435.0
008 240126s9999 xx 000 0 und d
020 _a9788126556373
082 _a658.1511 SIN;1 R
100 _aSingh, Kanhaiya.
245 0 _aManagement accounting : concepts and strategic costing decisions
260 _bWiley
_aNew Delhi
_c2015
300 _axii, 684
440 _aNULL
942 _cPU
999 _c294063
_d294063